Countries whose Capitals have Four Letters - Sudden Death - Statistics

General Stats
  • This quiz has been taken 370 times
    70 since last reset
  • The average score is 11 of 14
Answers on the Grid
Answers color-coded by a green-red scale on the quiz's grid according to % correct below.
Armenia
Azerbaijan
Bangladesh
East Timor
Ecuador
Fiji
France
Italy
Latvia
Maldives
Morocco
Nauru
Norway
Peru
Qatar
Samoa
Saudi Arabia
South Korea
South Sudan
Switzerland
Taiwan
Togo
Ukraine
Yemen
 
Answer Stats
Answer % Correct
Italy
96%
Norway
91%
Peru
89%
Latvia
85%
Ukraine
85%
Azerbaijan
83%
Switzerland
83%
Qatar
78%
Maldives
74%
East Timor
72%
South Sudan
69%
Fiji
67%
Samoa
59%
Togo
59%
No matching quizzes found
Score Distribution
Percent of People with Each Score
Percentile by Number Answered
Your Score History
You have not taken this quiz since the last reset